Score 0/10 Timer 01:30
0 Plays Today
Continent Country % Correct
North AmericaUnited States
100%
EuropeUnited Kingdom
95.8%
North AmericaCanada
93.7%
EuropeGermany
92.3%
North AmericaMexico
91.6%
EuropeIreland
84.6%
EuropeBelgium
80.4%
EuropeSweden
79.7%
EuropeNetherlands
79%
EuropeAustria
69.2%
Remove Ads.
Support Sporcle.
Get the best of Sporcle when you Go Orange. This ad-free experience offers more features, more stats, and more fun while also helping to support Sporcle. Thank you for becoming a member.

You're not logged in!

Compare scores with friends on all Sporcle quizzes.
OR
Log In

Show Comments

Extras

Top Quizzes Today


Score Distribution

Your Account Isn't Verified!

In order to create a playlist on Sporcle, you need to verify the email address you used during registration. Go to your Sporcle Settings to finish the process.

Report this User

Report this user for behavior that violates our Community Guidelines.

Details: